UFC Lightweight Champions (2015-2026) - Statistics

General Stats
  • This quiz has been taken 50 times
  • The average score is 6 of 8
Answer Stats
Hint Answer % Correct
(2016-2018) Conor McGregor
88%
(2021-2022) Charles Oliveira
84%
(2025-Now) Ilia Topuria
84%
(2022-2025) Islam Makhachev
81%
(2018-2021) Khabib Nurmagomedov
77%
(2016) Eddie Alvarez
58%
(2013-2015) Anthony Pettis
42%
(2015-2016) Rafael dos Anjos
37%
No matching quizzes found
Score Distribution
Percent of People with Each Score
Percentile by Number Answered
Your Score History
You have not taken this quiz